Thuật thao túng : Góc tối ẩn sau mỗi câu nói

Đây là quyển sách chứa đựng đáp án mà bạn mong muốn. Thuật thao túng sẽ giúp bạn thuần thục các kỹ năng thuộc bộ môn "nghệ thuật" làm chủ cảm xúc, làm chủ vận mệnh, điều chỉnh tâm lý và đạt được thứ bạn muốn một cách tinh vi:...

وصف كامل

محفوظ في:
التفاصيل البيبلوغرافية
المؤلف الرئيسي: Jachtchenko, Wladislaw
مؤلفون آخرون: Vũ Trung Phi Yến (Dịch)
التنسيق: كتاب
اللغة:Vietnamese
منشور في: H. Thế giới 2023
الموضوعات:
الوسوم: إضافة وسم
لا توجد وسوم, كن أول من يضع وسما على هذه التسجيلة!
Thư viện lưu trữ: Thư viện Trường Đại học Nam Cần Thơ
LEADER 01753nam a22002057a 4500
001 NCT_4_011009
008 240618b xxu||||| |||| 00| 0 vie d
999 |c 8503  |d 8503 
020 |a 9786043659931  |c 139000 
082 0 4 |2 23rd ed.  |a 302.2  |b J175 
100 1 |a Jachtchenko, Wladislaw 
245 1 0 |a Thuật thao túng :  |b Góc tối ẩn sau mỗi câu nói  |c Wladislaw Jachtchenko; Vũ Trung Phi Yến (dịch) 
260 |a H.  |b Thế giới  |c 2023 
300 |a 339 tr.  |c 20cm 
520 3 |a Đây là quyển sách chứa đựng đáp án mà bạn mong muốn. Thuật thao túng sẽ giúp bạn thuần thục các kỹ năng thuộc bộ môn "nghệ thuật" làm chủ cảm xúc, làm chủ vận mệnh, điều chỉnh tâm lý và đạt được thứ bạn muốn một cách tinh vi: thao túng tâm lý người đối diện, khiến họ hành động theo hướng ta mong đợi. Không những vậy, quyển sách còn giúp bạn nhìn nhận lại về định nghĩa thao túng, những tốt-xấu ẩn giấu đằng sau và giải đáp vấn đề đạo đức con người mà bạn luôn trăn trở khi thực hiện những hành vi này. Bật mí, con người khi vừa sinh ra đã làm một thao tác thao túng tâm lý người khác rồi đấy! 
653 |a Tham khảo 
700 1 |a Vũ Trung Phi Yến  |e Dịch 
942 |2 ddc  |c BK 
952 |0 0  |1 0  |2 ddc  |4 0  |6 302_200000000000000_J175  |7 0  |9 29196  |a 000001  |b 000001  |d 2024-06-18  |o 302.2 J175  |p TK.04321  |r 2024-06-18  |v 139000.00  |w 2024-06-18  |y BK 
980 |a Thư viện Trường Đại học Nam Cần Thơ